Einkauf schnell erklärt Basiswissen zum Einkauf
Salvato in:
| Autore principale: | |
|---|---|
| Natura: | Libro |
| Lingua: | tedesco |
| Pubblicazione: |
Norderstedt
Books on Demand
2021
|
| Soggetti: | |
| Tags: |
Nessun Tag, puoi essere il primo ad aggiungerne!!
|
MARC
| LEADER | 00000nam a2200000 4500 | ||
|---|---|---|---|
| 001 | 0287894 | ||
| 005 | 20240416114155.5 | ||
| 020 | |a 978-3-7543-7411-5 | ||
| 041 | 0 | |a ger | |
| 044 | |a DE | ||
| 245 | 1 | 0 | |a Einkauf schnell erklärt |b Basiswissen zum Einkauf |c Lutz Schwalbach |
| 264 | 1 | |a Norderstedt |b Books on Demand |c 2021 | |
| 300 | |a 186 s. | ||
| 610 | 2 | 0 | |a nákup |
| 610 | 2 | 0 | |a riadenie nákupu |
| 610 | 2 | 0 | |a politika obchodná |
| 610 | 2 | 0 | |a trh nákupný |
| 610 | 2 | 0 | |a dodávatelia |
| 610 | 2 | 0 | |a dopyt |
| 610 | 2 | 0 | |a ponuka |
| 610 | 2 | 0 | |a objednávky |
| 610 | 2 | 0 | |a zásoby |
| 610 | 2 | 0 | |a zmluvy obchodné |
| 100 | 1 | |a Schwalbach, Lutz | |